| 000 | 00521nam a22001817a 4500 | ||
|---|---|---|---|
| 003 | CEME | ||
| 005 | 20210628202119.0 | ||
| 008 | 210225b xxu||||| |||| 00| 0 eng d | ||
| 020 | _a0-7506-4234-3 | ||
| 040 | _c. | ||
| 082 | _a621.3815 HIC | ||
| 100 |
_aHickman, Ian _958022 |
||
| 245 | _aAnalog circuits cookbook | ||
| 260 |
_aOXFORD _bNEWNES _c1999 |
||
| 300 | _aIX,337P | ||
| 650 |
_aCIRCUITS COOKBOOK COOKBOOK-ANALOG CIRCUITS ADVANCED CIRCUIT TECHNIQUES RF CIRCUITS AND TECHNIQUES OPTO _958326 |
||
| 942 |
_cBK _2ddc |
||
| 999 |
_c568523 _d568523 |
||